[Event "HUN-chT2 Szechenyi 1819"]
[Site "Hungary"]
[Date "2019.02.10"]
[Round "5.7"]
[White "Szep, Milan"]
[Black "Bakos, Nandor"]
[Result "1-0"]
[WhiteElo "2007"]
[BlackElo "1885"]
[PlyCount "59"]
[EventDate "2018.10.28"]
[EventType "team-tourn"]
[EventRounds "9"]
[EventCountry "HUN"]
[SourceTitle "EXT 2021"]
[Source "ChessBase"]
[SourceDate "2020.10.23"]
[SourceVersion "1"]
[SourceVersionDate "2020.10.23"]
[SourceQuality "1"]
[WhiteTeam "Sarvar"]
[BlackTeam "Tapolca VSE II"]
[WhiteTeamCountry "HUN"]
[BlackTeamCountry "HUN"]

1. e4 e5 2. Nf3 Nc6 3. Bc4 Nf6 4. d3 Bc5 5. 0-0 0-0 6. a3 d6 7. Nbd2 Be6 8. b4 Bb6 9. Bb2 a5 10. b5 Ne7 11. a4 Ng6 12. Qb1 Nf4 13. g3 Ne2+ 14. Kg2 Nh5 15. Bxe6 fxe6 16. Qd1 Nef4+ 17. gxf4 Nxf4+ 18. Kh1 Nh3 19. Qe1 Rf4 20. d4 Qf6 21. dxe5 Qg6 22. Ra3 Qg4 23. exd6 cxd6 24. Bd4 Bxd4 25. Nxd4 e5 26. Rg3 Qh5 27. Nf5 g6 28. Qe3 Ng5 29. Rfg1 h6 30. Nxh6+ 1-0

[Event "HUN-chT2 Szechenyi 1718"]
[Site "Hungary"]
[Date "2018.01.28"]
[Round "5.10"]
[White "Suket, Mark"]
[Black "Bakos, Nandor"]
[Result "1-0"]
[WhiteElo "1764"]
[BlackElo "1902"]
[PlyCount "97"]
[EventDate "2017.10.29"]
[EventType "team-tourn"]
[EventRounds "9"]
[EventCountry "HUN"]
[SourceTitle "EXT 2021"]
[Source "ChessBase"]
[SourceDate "2020.10.23"]
[SourceVersion "1"]
[SourceVersionDate "2020.10.23"]
[SourceQuality "1"]
[WhiteTeam "Keszthely Spartacus"]
[BlackTeam "Tapolca VSE II"]
[WhiteTeamCountry "HUN"]
[BlackTeamCountry "HUN"]

1. e4 e5 2. Nf3 Nc6 3. Bc4 Nf6 4. d3 h6 5. 0-0 Bc5 6. Be3 Bb6 7. Nc3 0-0 8. Nd5 d6 9. Qd2 Nd4 10. Nxd4 exd4 11. Bf4 c6 12. Nxb6 axb6 13. Qb4 c5 14. Qb3 g5 15. Bd2 Nh5 16. f4 g4 17. f5 Kg7 18. c3 Qh4 19. Qxb6 g3 20. h3 Qf6 21. cxd4 cxd4 22. Bb4 Rd8 23. Rac1 Kg8 24. Bb5 Rxa2 25. Ba3 Qg5 26. Qxd4 Nf4 27. Rc2 d5 28. exd5 Nxd5 29. Rxc8 Rxc8 30. Qxd5 Qe3+ 31. Kh1 Qf2 32. Qf3 Qxf3 33. gxf3 Rc2 34. Kg1 Rf2 35. Rd1 Raxb2 36. Bxb2 Rxb2 37. Bc4 Kg7 38. Ra1 Rb6 39. Kg2 Rd6 40. Kxg3 Kf6 41. Ra5 Rd7 42. Bd5 b6 43. Rb5 Rd6 44. Be4 Kg5 45. f4+ Kf6 46. Kg4 Kg7 47. Rb2 Kf8 48. Rc2 Ke7 49. Rc6 1-0

[Event "HUN-chT2 Szechenyi 1617"]
[Site "Hungary"]
[Date "2017.04.09"]
[Round "11.4"]
[White "Nagy, Tamas1"]
[Black "Bakos, Nandor"]
[Result "1-0"]
[WhiteElo "1919"]
[BlackElo "1903"]
[PlyCount "53"]
[EventDate "2016.09.25"]
[EventType "team-tourn"]
[EventRounds "11"]
[EventCountry "HUN"]
[SourceTitle "EXT 2021"]
[Source "ChessBase"]
[SourceDate "2020.10.23"]
[SourceVersion "1"]
[SourceVersionDate "2020.10.23"]
[SourceQuality "1"]
[WhiteTeam "Gyor Szechenyi"]
[BlackTeam "Tapolca VSE II"]
[WhiteTeamCountry "HUN"]
[BlackTeamCountry "HUN"]

1. e4 e5 2. Nf3 Nc6 3. Bc4 Nf6 4. d3 Bc5 5. c3 0-0 6. Bb3 d5 7. Qe2 d4 8. Nbd2 Qe7 9. 0-0 Bg4 10. h3 Bh5 11. Ba4 Na5 12. c4 Nc6 13. Bxc6 bxc6 14. Qd1 Bb6 15. Qa4 c5 16. Re1 Bxf3 17. Nxf3 Nh5 18. Qd1 Ba5 19. Rf1 Nf4 20. Bxf4 exf4 21. Nh2 f5 22. exf5 Rxf5 23. Qa4 Bb6 24. Rfe1 Re5 25. Nf3 Re2 26. Rxe2 Qxe2 27. Re1 1-0

[Event "HUN-chT2 Szechenyi 1617"]
[Site "Hungary"]
[Date "2016.09.25"]
[Round "1"]
[White "Bakos, Nandor"]
[Black "Gal, Cintia"]
[Result "1-0"]
[WhiteElo "1903"]
[BlackElo "1700"]
[PlyCount "71"]
[EventDate "2016.09.25"]
[EventType "team-tourn"]
[EventRounds "11"]
[EventCountry "HUN"]
[SourceTitle "EXT 2021"]
[Source "ChessBase"]
[SourceDate "2020.10.23"]
[SourceVersion "1"]
[SourceVersionDate "2020.10.23"]
[SourceQuality "1"]
[WhiteTeam "Tapolca VSE II"]
[BlackTeam "Sarvar"]
[WhiteTeamCountry "HUN"]
[BlackTeamCountry "HUN"]

1. e4 e5 2. Nf3 Nc6 3. d4 exd4 4. Nxd4 Qh4 5. Nc3 Bb4 6. Qd3 Bxc3+ 7. bxc3 Ne5 8. Qe3 Ng4 9. Qf4 N8f6 10. Nf5 Qxf2+ 11. Qxf2 Nxf2 12. Kxf2 Nxe4+ 13. Kf3 g6 14. Kxe4 d5+ 15. Kf3 Bxf5 16. Bd3 Be6 17. Bg5 0-0 18. Bf6 Rfe8 19. g4 d4 20. Rhe1 dxc3 21. Bxc3 Rad8 22. Re5 Bd5+ 23. Kf4 Rxe5 24. Bxe5 c6 25. a3 Re8 26. Re1 f6 27. Bc3 Rxe1 28. Bxe1 Kf7 29. h4 Be6 30. g5 f5 31. Ke5 b5 32. Bb4 Bd5 33. Bd6 a5 34. Bxb5 Bg2 35. Bc4+ Kg7 36. Bb3 1-0

[Event "HUN-chT2 Szechenyi 1516"]
[Site "Hungary"]
[Date "2015.10.18"]
[Round "3.5"]
[White "Bakos, Nandor"]
[Black "Foki, Robert"]
[Result "0-1"]
[WhiteElo "1905"]
[BlackElo "1812"]
[PlyCount "90"]
[EventDate "2015.09.13"]
[EventType "team-tourn"]
[EventRounds "11"]
[EventCountry "HUN"]
[SourceTitle "CBM 170 Extra"]
[Source "ChessBase"]
[SourceDate "2016.02.25"]
[SourceVersion "1"]
[SourceVersionDate "2016.02.25"]
[SourceQuality "1"]
[WhiteTeam "Tapolca Kolcsey"]
[BlackTeam "Arboretum"]
[WhiteTeamCountry "HUN"]
[BlackTeamCountry "HUN"]

1. e4 c5 2. Nf3 Nc6 3. Bb5 e6 4. 0-0 Be7 5. c3 Nf6 6. Qe2 0-0 7. d4 d5 8. e5 Ne4 9. Bd3 cxd4 10. Bxe4 dxe4 11. Qxe4 dxc3 12. Nxc3 a6 13. Be3 Qa5 14. Na4 Qb4 15. Qxb4 Nxb4 16. Nb6 Rb8 17. Rfc1 Nd5 18. Bd4 Nxb6 19. Bxb6 Bd8 20. Bc5 Re8 21. Bd6 Ra8 22. Nd4 Bb6 23. Nb3 Bd7 24. a4 a5 25. Nc5 Bc6 26. Rc4 Rec8 27. Rac1 h6 28. f4 Ba7 29. b4 Bd5 30. Rd4 b6 31. Nd3 Rxc1+ 32. Nxc1 b5 33. Bc5 axb4 34. Bxa7 Rxa7 35. Rxb4 bxa4 36. Rb1 a3 37. Ra1 Rc7 38. Nd3 Rc2 39. Ne1 Rc3 40. g3 a2 41. g4 g6 42. Kf2 Kg7 43. h4 Rh3 44. Ng2 Rh2 45. Ke3 Rxg2 0-1

[Event "HUN-chT2 Szechenyi 1314"]
[Site "Hungary"]
[Date "2013.10.20"]
[Round "3"]
[White "Bakos, Nandor"]
[Black "Kiss, Laszlo3"]
[Result "1-0"]
[WhiteElo "1892"]
[BlackElo "1687"]
[PlyCount "85"]
[EventDate "2013.09.08"]
[EventType "team-tourn"]
[EventRounds "11"]
[EventCountry "HUN"]
[SourceTitle "EXT 2016"]
[Source "ChessBase"]
[SourceDate "2015.10.08"]
[SourceVersion "1"]
[SourceVersionDate "2015.10.08"]
[SourceQuality "1"]
[WhiteTeam "Tapolca II"]
[BlackTeam "Arboretum"]
[WhiteTeamCountry "HUN"]
[BlackTeamCountry "HUN"]

1. e4 d5 2. exd5 Qxd5 3. Nc3 Qa5 4. Bc4 Nf6 5. h3 e6 6. Nf3 c6 7. 0-0 Bd6 8. d4 0-0 9. Qd3 Nbd7 10. Re1 Qc7 11. Ne4 Nxe4 12. Rxe4 Re8 13. Rh4 Nf8 14. Rh5 b5 15. Bb3 a5 16. a4 b4 17. Ng5 g6 18. Ne4 Be7 19. Rh6 Rd8 20. Qf3 Rxd4 21. Bf4 Qd8 22. Be5 Rxe4 23. Qxe4 Bg5 24. Bf4 Kg7 25. Bxg5 Qxg5 26. Rh4 Bb7 27. Rf4 Rd8 28. h4 Qe7 29. Qe5+ f6 30. Qxa5 c5 31. Qb5 Qc7 32. Rc4 Rd5 33. a5 Rh5 34. Qb6 Qc8 35. a6 Ba8 36. Rd1 Nd7 37. Qxe6 Nb6 38. Qxc8 Nxc8 39. Rd8 Nb6 40. Rf4 f5 41. a7 Be4 42. f3 g5 43. hxg5 1-0

[Event "HUN-chT2 Szechenyi 1011"]
[Site "Hungary"]
[Date "2011.05.15"]
[Round "11.5"]
[White "Bakos, Nandor"]
[Black "Odor, Istvan"]
[Result "1/2-1/2"]
[WhiteElo "1929"]
[BlackElo "2009"]
[PlyCount "132"]
[EventDate "2010.09.12"]
[EventType "team-tourn"]
[EventRounds "11"]
[EventCountry "HUN"]
[SourceTitle "EXT 2012"]
[Source "ChessBase"]
[SourceDate "2011.11.24"]
[SourceVersion "1"]
[SourceVersionDate "2011.11.24"]
[SourceQuality "1"]
[WhiteTeam "Tapolca"]
[BlackTeam "Sarvar"]
[WhiteTeamCountry "HUN"]
[BlackTeamCountry "HUN"]

1. e4 e5 2. Nf3 Nc6 3. d4 exd4 4. Nxd4 Bc5 5. Nxc6 Qf6 6. Qd2 bxc6 7. Qf4 d6 8. Bd3 Rb8 9. Qxf6 Nxf6 10. b3 d5 11. exd5 cxd5 12. Bf4 Kd8 13. 0-0 Bd7 14. Nd2 Nh5 15. Be3 Bb6 16. c3 h6 17. Rae1 c5 18. Nf3 Re8 19. h3 f5 20. Rd1 g5 21. Nh2 Nf6 22. h4 f4 23. Bc1 Bc7 24. hxg5 hxg5 25. Nf3 Rg8 26. Rfe1 Ng4 27. Bc2 c4 28. bxc4 Bb6 29. Nd4 Rc8 30. cxd5 Rxc3 31. Ne6+ Kc8 32. Re2 Nxf2 33. Rxf2 Rxc2 34. Nd4 Bxd4 35. Rxd4 Rxc1+ 36. Rf1 Rxf1+ 37. Kxf1 Bb5+ 38. Kf2 Re8 39. Rd2 Kd7 40. d6 Re2+ 41. Rxe2 Bxe2 42. Kxe2 Kxd6 43. Kf3 Ke5 44. Kg4 Kf6 45. g3 fxg3 46. Kxg3 Kf5 47. Kf3 a5 48. a4 Ke5 49. Kg4 Kf6 50. Kg3 Kg6 51. Kg4 Kh6 52. Kg3 Kh5 53. Kh3 Kh6 54. Kg3 Kg6 55. Kg4 Kf6 56. Kg3 Ke5 57. Kg4 Kd4 58. Kxg5 Kc4 59. Kf4 Kb3 60. Ke3 Kxa4 61. Kd2 Kb3 62. Kc1 Ka2 63. Kc2 a4 64. Kc1 a3 65. Kc2 Ka1 66. Kc1 a2 1/2-1/2

[Event "HUN-chT2 Szechenyi 1011"]
[Site "Hungary"]
[Date "2010.11.21"]
[Round "6.7"]
[White "Toth, Laszlo"]
[Black "Bakos, Nandor"]
[Result "1-0"]
[WhiteElo "1818"]
[BlackElo "1929"]
[PlyCount "135"]
[EventDate "2010.09.12"]
[EventType "team-tourn"]
[EventRounds "11"]
[EventCountry "HUN"]
[SourceTitle "EXT 2012"]
[Source "ChessBase"]
[SourceDate "2011.11.24"]
[SourceVersion "1"]
[SourceVersionDate "2011.11.24"]
[SourceQuality "1"]
[WhiteTeam "Zala Volan"]
[BlackTeam "Tapolca"]
[WhiteTeamCountry "HUN"]
[BlackTeamCountry "HUN"]

1. e4 e5 2. Nf3 Nc6 3. d4 exd4 4. Nxd4 Nf6 5. Nxc6 bxc6 6. Bd3 d5 7. exd5 cxd5 8. 0-0 Be7 9. Nc3 0-0 10. Bg5 c6 11. Re1 h6 12. Bf4 Be6 13. Ne2 Qb6 14. Nd4 Bc5 15. c3 Ng4 16. Re2 Kh8 17. h3 Bxd4 18. cxd4 Qxd4 19. Qd2 Nf6 20. Bxh6 Nd7 21. Be3 Qh4 22. Bg5 Qd4 23. Rc1 Ne5 24. Be3 Qxd3 25. Qe1 Nc4 26. Rc3 Qg6 27. Bd4 Rg8 28. Rg3 Qf5 29. Qc1 Rac8 30. Rg5 Qh7 31. b3 Nd6 32. Ree5 Nf5 33. Qd1 Nh6 34. Rh5 Rce8 35. Rxh6 gxh6 36. Rxe6+ Qg7 37. Bxg7+ Kxg7 38. Rxe8 Rxe8 39. Qd4+ Kg6 40. Qxa7 Re1+ 41. Kh2 Rd1 42. Qd7 h5 43. g4 h4 44. Qxc6+ Kg5 45. f4+ Kxf4 46. Qf6+ Ke3 47. Qe5+ Kf3 48. Qf6+ Ke3 49. Qxh4 d4 50. Qg3+ Kd2 51. b4 d3 52. b5 Re1 53. Qf4+ Kc2 54. Qc4+ Kd2 55. Kg3 Ke3 56. Qc5+ Ke2 57. Qf2+ Kd1 58. b6 d2 59. b7 Re8 60. Qf3+ Ke1 61. Qf2+ Kd1 62. Qxf7 Re3+ 63. Kf4 Ke2 64. Qc4+ Kf2 65. Qd4 Kf1 66. Qxe3 d1Q 67. Qf3+ Qxf3+ 68. Kxf3 1-0

[Event "HUN-chT2 Szechenyi 1011"]
[Site "Hungary"]
[Date "2010.10.10"]
[Round "3.6"]
[White "Kovacs, Dezso"]
[Black "Bakos, Nandor"]
[Result "0-1"]
[WhiteElo "2008"]
[BlackElo "1929"]
[PlyCount "72"]
[EventDate "2010.09.12"]
[EventType "team-tourn"]
[EventRounds "11"]
[EventCountry "HUN"]
[SourceTitle "EXT 2012"]
[Source "ChessBase"]
[SourceDate "2011.11.24"]
[SourceVersion "1"]
[SourceVersionDate "2011.11.24"]
[SourceQuality "1"]
[WhiteTeam "Lovo"]
[BlackTeam "Tapolca"]
[WhiteTeamCountry "HUN"]
[BlackTeamCountry "HUN"]

1. c4 Nf6 2. Nc3 d5 3. d4 c6 4. Nf3 g6 5. e3 Bg7 6. Be2 0-0 7. 0-0 Bf5 8. Bd2 Na6 9. a3 Nc7 10. Rc1 Ne4 11. Be1 Qd7 12. Qb3 Rab8 13. Ne5 Bxe5 14. dxe5 Nc5 15. Qd1 dxc4 16. Bxc4 Rbd8 17. Qxd7 Rxd7 18. f3 Bd3 19. Bxd3 Nxd3 20. Rb1 Nxe5 21. e4 Nc4 22. Rf2 Rfd8 23. Re2 Ne6 24. Bf2 Nf4 25. Rc2 b5 26. h3 Nd3 27. Bg3 a5 28. Kh2 Ndxb2 29. Rcxb2 Nxb2 30. Rxb2 Rd2 31. Rb1 R8d3 32. Rc1 b4 33. axb4 axb4 34. Na4 Ra2 35. Nb6 Rc3 36. Rd1 f6 0-1

[Event "HUN-chT2 Szechenyi 0809"]
[Site "Hungary"]
[Date "2009.01.25"]
[Round "6.8"]
[White "Geroly, Jozsef"]
[Black "Bakos, Nandor"]
[Result "1-0"]
[WhiteElo "1996"]
[BlackElo "1973"]
[PlyCount "63"]
[EventDate "2008.10.26"]
[EventType "tourn"]
[EventRounds "11"]
[EventCountry "HUN"]
[SourceTitle "EXT 2010"]
[Source "ChessBase"]
[SourceDate "2010.11.25"]
[SourceVersion "1"]
[SourceVersionDate "2010.11.25"]
[SourceQuality "1"]
[WhiteTeam "Veszprem"]
[BlackTeam "Tapolca II"]
[WhiteTeamCountry "HUN"]
[BlackTeamCountry "HUN"]

1. Nf3 d5 2. g3 c5 3. Bg2 Nf6 4. d4 b6 5. dxc5 bxc5 6. c4 e6 7. Ne5 Bb7 8. Nc3 Qc7 9. Qa4+ Nbd7 10. Bf4 Qb6 11. Nb5 Rc8 12. Qxa7 Be7 13. Nxd7 Nxd7 14. Qxb6 Nxb6 15. cxd5 exd5 16. Nc7+ Kd8 17. Nxd5 Bf6 18. 0-0-0 Bxd5 19. Bxd5 Ke7 20. Bb7 Rcd8 21. Bc7 Rxd1+ 22. Rxd1 Na4 23. b3 Nc3 24. Rd2 Nb5 25. Bb6 Rb8 26. Bxc5+ Ke6 27. Bd5+ Kf5 28. Bxf7 Rc8 29. Rd5+ Be5 30. f4 Kf6 31. Rxe5 Kxf7 32. Kb2 1-0

[Event "HUN-chT2 Szechenyi 0809"]
[Site "Hungary"]
[Date "2008.11.30"]
[Round "3.8"]
[White "Bakos, Nandor"]
[Black "Toth, Alexandra"]
[Result "1/2-1/2"]
[WhiteElo "1973"]
[BlackElo "1838"]
[PlyCount "110"]
[EventDate "2008.10.26"]
[EventType "tourn"]
[EventRounds "11"]
[EventCountry "HUN"]
[SourceTitle "EXT 2010"]
[Source "ChessBase"]
[SourceDate "2010.11.25"]
[SourceVersion "1"]
[SourceVersionDate "2010.11.25"]
[SourceQuality "1"]
[WhiteTeam "Tapolca II"]
[BlackTeam "Flesch"]
[WhiteTeamCountry "HUN"]
[BlackTeamCountry "HUN"]

1. e4 e5 2. Nf3 Nc6 3. d4 exd4 4. Nxd4 Qh4 5. Qd3 Nf6 6. Nb5 Kd8 7. N5c3 Bb4 8. a3 Nxe4 9. axb4 Nxf2 10. Bg5+ Qxg5 11. Kxf2 Nxb4 12. Qf3 Nxc2 13. Ra4 Qc5+ 14. Kg3 Nd4 15. Qf4 Nf5+ 16. Kf3 b6 17. Bd3 Bb7+ 18. Be4 Nd4+ 19. Kg3 Bxe4 20. Qxe4 Nc6 21. Re1 Qe7 22. Nd5 Qd6+ 23. Kf2 Qc5+ 24. Kf1 Kc8 25. Rc4 Qd6 26. b4 a6 27. Nbc3 b5 28. Rc5 Kb7 29. Ra1 Qe6 30. Qd3 Rhb8 31. Nxb5 axb5 32. Rxb5+ Kc8 33. Re1 Ne5 34. Qc3 Qd6 35. Rxb8+ Rxb8 36. Rxe5 f6 37. Re8+ Kb7 38. Rxb8+ Kxb8 39. Qc5 Qxc5 40. bxc5 Kb7 41. Nf4 g6 42. Ke2 Kc6 43. Nd3 Kd5 44. Ke3 g5 45. g4 d6 46. cxd6 cxd6 47. Nb2 Ke6 48. Ke4 d5+ 49. Kd4 f5 50. h3 fxg4 51. hxg4 Kf6 52. Kxd5 h5 53. gxh5 g4 54. Ke4 Kg5 55. h6 Kxh6 1/2-1/2

[Event "HUN-chT2 Szechenyi 0506"]
[Site "Hungary"]
[Date "2006.02.12"]
[Round "7"]
[White "Palotas, Peter"]
[Black "Bakos, Nandor"]
[Result "1/2-1/2"]
[WhiteElo "1841"]
[BlackElo "1936"]
[PlyCount "61"]
[EventDate "2005.10.16"]
[EventType "team-tourn"]
[EventRounds "11"]
[EventCountry "HUN"]
[SourceTitle "EXT 2009"]
[Source "ChessBase"]
[SourceDate "2008.11.26"]
[SourceVersion "1"]
[SourceVersionDate "2008.11.26"]
[SourceQuality "1"]
[WhiteTeam "Arboretum"]
[BlackTeam "Tapolca Varju"]
[WhiteTeamCountry "HUN"]
[BlackTeamCountry "HUN"]

1. e4 e5 2. Nf3 Nc6 3. Bc4 Bc5 4. Nc3 Nf6 5. 0-0 0-0 6. a3 d6 7. Na4 Bb6 8. Nxb6 axb6 9. d3 Bg4 10. Be3 Nd7 11. h3 Bh5 12. b4 Ne7 13. Bg5 h6 14. Bxe7 Qxe7 15. Qe2 Qf6 16. Qe3 Bxf3 17. Qxf3 Qxf3 18. gxf3 Nf6 19. Kh2 Nh5 20. Bb3 Nf4 21. Rfe1 Ra7 22. a4 Rfa8 23. Rad1 Ne6 24. c3 c6 25. Rd2 Nc7 26. d4 exd4 27. Rxd4 Rd8 28. Red1 b5 29. a5 Ne8 30. R1d3 Kf8 31. Kg3 1/2-1/2

[Event "HUN-chT U20"]
[Site "Budapest"]
[Date "2004.12.27"]
[Round "1"]
[White "Bakos, Nandor"]
[Black "Bereznai, Henrik"]
[Result "1-0"]
[WhiteElo "1936"]
[BlackElo "1469"]
[PlyCount "26"]
[EventDate "2004.12.27"]
[EventType "team-tourn"]
[EventRounds "7"]
[EventCountry "HUN"]
[SourceTitle "EXT 2008"]
[Source "ChessBase"]
[SourceDate "2007.11.25"]
[SourceVersion "1"]
[SourceVersionDate "2007.11.25"]
[SourceQuality "1"]

1. e4 c5 2. Nf3 d6 3. Bb5+ Bd7 4. Bxd7+ Nxd7 5. d4 cxd4 6. Nxd4 Ngf6 7. Nc3 g6 8. 0-0 Bg7 9. Be3 0-0 10. h3 Rc8 11. Nde2 Qc7 12. Nf4 Nb6 13. Nd3 a6 1-0

[Event "HUN-chT2 Szechenyi 0405"]
[Site "Hungary"]
[Date "2004.12.05"]
[Round "4"]
[White "Pfeifer, David"]
[Black "Bakos, Nandor"]
[Result "1/2-1/2"]
[WhiteElo "1921"]
[BlackElo "1911"]
[PlyCount "39"]
[EventDate "2004.09.26"]
[EventType "team-tourn"]
[EventRounds "11"]
[EventCountry "HUN"]
[SourceTitle "EXT 2009"]
[Source "ChessBase"]
[SourceDate "2008.11.26"]
[SourceVersion "1"]
[SourceVersionDate "2008.11.26"]
[SourceQuality "1"]
[WhiteTeam "Ajka Banyasz"]
[BlackTeam "Tapolca II"]
[WhiteTeamCountry "HUN"]
[BlackTeamCountry "HUN"]

1. e4 e5 2. Nf3 Nc6 3. Bc4 Bc5 4. Nc3 Nf6 5. d3 h6 6. Be3 Bb6 7. Qd2 d6 8. h3 Be6 9. 0-0-0 d5 10. exd5 Bxd5 11. Nxd5 Nxd5 12. Rhe1 Bxe3 13. fxe3 Qd6 14. Rf1 f6 15. Nh4 0-0-0 16. Nf5 Qf8 17. Qf2 Nce7 18. d4 Kb8 19. Bxd5 Rxd5 20. e4 1/2-1/2

[Event "Ajka Borostyan Cup"]
[Site "Ajka"]
[Date "2004.07.04"]
[Round "9"]
[White "Simai, Laszlo"]
[Black "Bakos, Nandor"]
[Result "1-0"]
[WhiteElo "2059"]
[BlackElo "1911"]
[PlyCount "49"]
[EventDate "2004.06.26"]
[EventType "swiss"]
[EventRounds "9"]
[EventCountry "HUN"]
[SourceTitle "EXT 2008"]
[Source "ChessBase"]
[SourceDate "2007.11.25"]
[SourceVersion "1"]
[SourceVersionDate "2007.11.25"]
[SourceQuality "1"]

1. e4 e5 2. Nf3 Nc6 3. Bc4 Bc5 4. 0-0 Nf6 5. d4 Bxd4 6. Nxd4 Nxd4 7. f4 Nc6 8. Bxf7+ Kxf7 9. fxe5 Nxe5 10. Qd5+ Kf8 11. Qxe5 d6 12. Qg3 Kf7 13. Nc3 Be6 14. Bg5 Rf8 15. e5 dxe5 16. Qxe5 Bc4 17. Bxf6 gxf6 18. Rf4 Be6 19. Ne4 f5 20. Raf1 Ke7 21. Ng5 Qd6 22. Qg7+ Bf7 23. Rd4 Rg8 24. Qxf7+ Kd8 25. Ne6+ 1-0

[Event "Ajka Borostyan Cup"]
[Site "Ajka"]
[Date "2004.07.03"]
[Round "8"]
[White "Paksa, Rudolf"]
[Black "Bakos, Nandor"]
[Result "1-0"]
[WhiteElo "2192"]
[BlackElo "1911"]
[PlyCount "59"]
[EventDate "2004.06.26"]
[EventType "swiss"]
[EventRounds "9"]
[EventCountry "HUN"]
[SourceTitle "EXT 2008"]
[Source "ChessBase"]
[SourceDate "2007.11.25"]
[SourceVersion "1"]
[SourceVersionDate "2007.11.25"]
[SourceQuality "1"]

1. e4 e5 2. Nf3 Nc6 3. Bb5 a6 4. Ba4 Nf6 5. 0-0 b5 6. Bb3 Be7 7. Qe2 d6 8. c3 0-0 9. h3 Be6 10. d4 exd4 11. cxd4 d5 12. e5 Nd7 13. Nc3 Nb6 14. a3 Nc4 15. Bc2 b4 16. axb4 Nxb4 17. Bb1 c5 18. dxc5 Bxc5 19. Ng5 g6 20. Na4 Bd4 21. Nf3 Ba7 22. b3 Na5 23. Bg5 Qd7 24. Bf6 Nxb3 25. Ra3 d4 26. Rxb3 Bxb3 27. Qd2 Nd5 28. Qh6 Nxf6 29. exf6 Qxa4 30. Qg7# 1-0

[Event "Ajka Borostyan Cup"]
[Site "Ajka"]
[Date "2004.06.28"]
[Round "3"]
[White "Bakos, Nandor"]
[Black "Simon, Istvan"]
[Result "1-0"]
[WhiteElo "1911"]
[BlackElo "2015"]
[PlyCount "35"]
[EventDate "2004.06.26"]
[EventType "swiss"]
[EventRounds "9"]
[EventCountry "HUN"]
[SourceTitle "EXT 2008"]
[Source "ChessBase"]
[SourceDate "2007.11.25"]
[SourceVersion "1"]
[SourceVersionDate "2007.11.25"]
[SourceQuality "1"]

1. e4 c5 2. Nf3 e6 3. c4 d6 4. d4 cxd4 5. Nxd4 a6 6. Be2 Nf6 7. Nc3 Be7 8. 0-0 0-0 9. Be3 e5 10. Nb3 Nc6 11. f3 Qc7 12. a3 Na5 13. Nxa5 Qxa5 14. Na4 Qc7 15. Nb6 Rb8 16. Rc1 Nd7 17. Nd5 Nc5 18. Nxc7 1-0